'Parks and Recreation' Surnames Quiz Stats

Quiz Updated Jan 24, 2018

Challenge
Share
Tweet
Embed
Score 0/14 Timer 05:00
0 Plays Today
First Name Surname % Correct
LeslieKnope
98%
RonSwanson
96.7%
TomHaverford
85.1%
AprilLudgate
83.4%
AnnPerkins
83.4%
AndyDwyer
79.2%
BenWyatt
64.3%
First Name Surname % Correct
ChrisTraeger
59.5%
JerryGergich
55.8%
DonnaMeagle
46.4%
Jean-RalphioSaperstein
40.2%
JeremyJamm
30.5%
MarkBrendanawicz
21.4%
Diane*Lewis
15.5%

You're not logged in!

Compare scores with friends on all Sporcle quizzes.
Sign Up with Email
OR
Log In

You Might Also Like...

Show Comments

Extras

Top Quizzes Today


Score Distribution

Your Account Isn't Verified!

In order to create a playlist on Sporcle, you need to verify the email address you used during registration. Go to your Sporcle Settings to finish the process.

Report this User

Report this user for behavior that violates our Community Guidelines.

Details: